| 000 | 00921cam a2200241 4500 | ||
|---|---|---|---|
| 001 | ABS63539 | ||
| 008 | 000000n2001 000 0 eng u | ||
| 035 | _a(Sirsi) u111013 | ||
| 100 | _aWightman, S. | ||
| 245 | _aAluminium should do better against PVC | ||
| 260 | _c2001 | ||
| 490 |
_aASI Journal _v12(6) February 2001, 20-21(2) |
||
| 520 | _aThe UK's total window market is worth about £5.1bn. PVC has 54%, aluminium 24% and timber 18%. Discusses the advantages of aluminium over PVC in the domestic and commercial markets. Considers factors why PVC has been so successful and why aluminium should be the choice material for the future. | ||
| 590 | _aABS | ||
| 650 | _aALUMINIUM | ||
| 650 | _aPVC | ||
| 650 | _aWINDOWS | ||
| 650 | _aDOORS | ||
| 650 | _aPERFORMANCE | ||
| 650 | _aBUILT ENVIRONMENT-BUILDING MAINTENANCE AND REFURBISHMENT | ||
| 690 | _aBUILT ENVIRONMENT-BUILDING MATERIALS | ||
| 942 | _n0 | ||
| 999 |
_c66156 _d66156 |
||